Vŷšov novŷj Artos

Podrobná bibliografia
Hlavný autor: Babják, Tomáš Michal (Autor)
Médium: Článok
Jazyk:ukrajinčina
Fyzický popis:Fotogr.
Predmet:
On-line prístup:www.artos.wbl.sk

MARC

LEADER 00000cab a2200000 a 4500
001 vtls010027592
003 SK-MaSNL
005 20260319074253.0
008 091203c2009 xo mr p 000 c0ukr
015 |a SNBRB2009/12 
038 |a SVKPOCL 
040 |a SVKPOCL  |b slo  |c SVKPOCL  |e AACR2 
041 0 |a ukr 
044 |a xo  |c SK 
080 |a 070.48:2  |2 2001 
080 |a 2  |2 2001 
100 1 |a Babják, Tomáš Michal  |4 aut  |9 901354 
245 1 0 |a Vŷšov novŷj Artos  |c Tomaš Mychal Babjak 
300 |b Fotogr. 
500 |a Časopis má aj svoju webovú stránku www.artos.wbl.sk 
630 0 7 |a Artos (časopis)  |x č. 1  |y 2009  |2 svkpocl  |9 1035975 
650 0 7 |a náboženské časopisy  |2 svkpocl  |9 82331 
650 0 7 |a náboženstvo  |2 svkpocl  |9 2023 
651 7 |a Prešov (Slovensko)  |2 svkpocl  |9 17347 
773 0 |t Info Rusyn  |g Roč. VI, č. 1-2 (2009), s. 5 
852 |a SVKPO  |b KIS3GCP 
856 4 1 |u www.artos.wbl.sk 
958 |a RN 
958 |a SK 
958 |a NT 
999 |c 1703617  |d 1705547